<?xml version="1.0" encoding="UTF-8"?><?xml-stylesheet type="text/xsl" href="static/style.xsl"?><OAI-PMH xmlns="http://www.openarchives.org/OAI/2.0/" xmlns:xsi="http://www.w3.org/2001/XMLSchema-instance" xsi:schemaLocation="http://www.openarchives.org/OAI/2.0/ http://www.openarchives.org/OAI/2.0/OAI-PMH.xsd"><responseDate>2026-04-14T19:09:01Z</responseDate><request verb="GetRecord" identifier="oai:uvadoc.uva.es:10324/55657" metadataPrefix="marc">https://uvadoc.uva.es/oai/request</request><GetRecord><record><header><identifier>oai:uvadoc.uva.es:10324/55657</identifier><datestamp>2022-09-26T19:03:31Z</datestamp><setSpec>com_10324_38</setSpec><setSpec>col_10324_787</setSpec></header><metadata><record xmlns="http://www.loc.gov/MARC21/slim" xmlns:doc="http://www.lyncode.com/xoai" xmlns:xsi="http://www.w3.org/2001/XMLSchema-instance" xmlns:dcterms="http://purl.org/dc/terms/" xsi:schemaLocation="http://www.loc.gov/MARC21/slim http://www.loc.gov/standards/marcxml/schema/MARC21slim.xsd">
<leader>00925njm 22002777a 4500</leader>
<datafield tag="042" ind1=" " ind2=" ">
<subfield code="a">dc</subfield>
</datafield>
<datafield tag="720" ind1=" " ind2=" ">
<subfield code="a">Fernández Calvete, Óscar</subfield>
<subfield code="e">author</subfield>
</datafield>
<datafield tag="260" ind1=" " ind2=" ">
<subfield code="c">2022</subfield>
</datafield>
<datafield tag="520" ind1=" " ind2=" ">
<subfield code="a">El objetivo de este trabajo es poner en valor todos los conocimientos adquiridos a lo &#xd;
largo del desarrollo del Máster. Para ello se ha desarrollado un estudio sobre el cultivo, &#xd;
la comercialización y el proceso de exportación del arándano europeo desde España a &#xd;
un tercer país no comunitario.</subfield>
</datafield>
<datafield tag="024" ind2=" " ind1="8">
<subfield code="a">https://uvadoc.uva.es/handle/10324/55657</subfield>
</datafield>
<datafield ind1=" " ind2=" " tag="653">
<subfield code="a">Arándanos-Industria y comercio</subfield>
</datafield>
<datafield tag="245" ind1="0" ind2="0">
<subfield code="a">Cultivo y exportación de arándano azul. Blueberry</subfield>
</datafield>
</record></metadata></record></GetRecord></OAI-PMH>